According to your Word : (Record no. 121236)
[ view plain ]
| 000 -LEADER | |
|---|---|
| fixed length control field | 02381cam a2200361 a 4500 |
| 001 - CONTROL NUMBER | |
| control field | 15116240 |
| 003 - CONTROL NUMBER IDENTIFIER | |
| control field | ARRUPE |
| 005 - DATE AND TIME OF LATEST TRANSACTION | |
| control field | 20141112134013.0 |
| 008 - FIXED-LENGTH DATA ELEMENTS--GENERAL INFORMATION | |
| fixed length control field | 071217s2007 ie a b 111 0 eng d |
| 010 ## - LIBRARY OF CONGRESS CONTROL NUMBER | |
| LC control number | 2007300019 |
| 015 ## - NATIONAL BIBLIOGRAPHY NUMBER | |
| National bibliography number | GBA755288 |
| Source | bnb |
| 016 7# - NATIONAL BIBLIOGRAPHIC AGENCY CONTROL NUMBER | |
| Record control number | 013794251 |
| Source | Uk |
| 020 ## - INTERNATIONAL STANDARD BOOK NUMBER | |
| International Standard Book Number | 9781846820830 |
| 020 ## - INTERNATIONAL STANDARD BOOK NUMBER | |
| International Standard Book Number | 1846820839 |
| 035 ## - SYSTEM CONTROL NUMBER | |
| System control number | (OCoLC)ocn156890796 |
| 040 ## - CATALOGING SOURCE | |
| Original cataloging agency | UKM |
| Transcribing agency | UKM |
| Modifying agency | BAKER |
| -- | BTCTA |
| -- | YDXCP |
| -- | IAC |
| -- | DLC |
| 042 ## - AUTHENTICATION CODE | |
| Authentication code | ukscp |
| -- | lccopycat |
| 050 00 - LIBRARY OF CONGRESS CALL NUMBER | |
| Classification number | BX4705.C66 |
| Item number | A33 2007 |
| 082 00 - DEWEY DECIMAL CLASSIFICATION NUMBER | |
| Classification number | 230/.2 |
| Edition number | 22 |
| 300 ## - PHYSICAL DESCRIPTION | |
| Other physical details | col. ill. ; |
| Dimensions | 25 cm. |
| 245 00 - TITLE STATEMENT | |
| Title | According to your Word : |
| Remainder of title | proceedings of a conference held on Saturday 4 March 2006 at the Pontifical Irish College Rome to honour Desmond Cardinal Connell on his eightieth birthday / |
| Statement of responsibility, etc | Liam Bergin, editor. |
| 260 ## - PUBLICATION, DISTRIBUTION, ETC. (IMPRINT) | |
| Place of publication, distribution, etc | Dublin ; |
| -- | Portland, OR : |
| Name of publisher, distributor, etc | Four Courts Press, |
| Date of publication, distribution, etc | c2007. |
| 300 ## - PHYSICAL DESCRIPTION | |
| Extent | 167 p. : |
| 504 ## - BIBLIOGRAPHY, ETC. NOTE | |
| Bibliography, etc | Includes bibliographical references and index. |
| 505 0# - FORMATTED CONTENTS NOTE | |
| Formatted contents note | Introduction / Liam Bergin -- "According to your word" / Eileen Kane -- Beautiful dangers of being / Fran O'Rourke -- Return to wonder / Linda Zagzebski -- A changing horizon / Brian Farrell -- The triune God's reply to Europe's contemporary cry / Breandán Leahy -- Imagination and affectivity : response to the postmodern cry / Michael Paul Gallagher -- Words of introduction / Angelo Sodano -- The diocesan bishop and the universal megisterium / William Joseph Levada -- The sacramental nature of the episcopal office / Desmond Connell -- Encounter Jesus now : homily at vespers / Diarmuid Martin -- Reflections on the brokenness of the Irish church / Andrew G. McGrady -- The spirituality of study / Thomas G. Casey -- Noli me tangere! : painting sacramental life / Liam Bergin -- "Ministers of your joy" : Pope Benedict XVI on the priesthood / Joseph Murphy -- God and the problem of being / Sean Fernandez -- The contemporary renaissance of Catholic trinitarian theology : an overview / Michael Duignan. |
| 600 10 - SUBJECT ADDED ENTRY--PERSONAL NAME | |
| Personal name | Connell, Desmond |
| Form subdivision | Congresses. |
| 9 (RLIN) | 12602 |
| 610 20 - SUBJECT ADDED ENTRY--CORPORATE NAME | |
| Corporate name or jurisdiction name as entry element | Catholic Church |
| General subdivision | Doctrines |
| Form subdivision | Congresses. |
| 9 (RLIN) | 12539 |
| 650 #0 - SUBJECT ADDED ENTRY--TOPICAL TERM | |
| Topical term or geographic name as entry element | Christianity |
| General subdivision | Philosophy |
| Form subdivision | Congresses. |
| 9 (RLIN) | 12603 |
| 700 1# - ADDED ENTRY--PERSONAL NAME | |
| Personal name | Connell, Desmond. |
| 9 (RLIN) | 12604 |
| 700 1# - ADDED ENTRY--PERSONAL NAME | |
| Personal name | Bergin, Liam. |
| 9 (RLIN) | 12605 |
| 906 ## - LOCAL DATA ELEMENT F, LDF (RLIN) | |
| a | 7 |
| b | cbc |
| c | copycat |
| d | 2 |
| e | ncip |
| f | 20 |
| g | y-gencatlg |
| 942 ## - ADDED ENTRY ELEMENTS (KOHA) | |
| Source of classification or shelving scheme | Library of Congress Classification |
| Koha item type | Monograph ( Printed materials) |
| Withdrawn status | Lost status | Source of classification or shelving scheme | Damaged status | Not for loan | Collection code | Home library | Current library | Shelving location | Date acquired | Total Checkouts | Full call number | Barcode | Date last seen | Price effective from | Koha item type |
|---|---|---|---|---|---|---|---|---|---|---|---|---|---|---|---|
| Library of Congress Classification | Main Collection | ARRUPE LIBRARY | ARRUPE LIBRARY | Main Collection | 12/11/2014 | BX4705.C66 A33 2007 | 46500003711 | 22/11/2017 | 12/11/2014 | Monograph ( Printed materials) |